[Event "Cannes op"]
[Site "Cannes"]
[Date "1999.??.??"]
[Round "3"]
[White "Lukasiewicz, Grzegorz"]
[Black "Lamb, Harry"]
[Result "1-0"]
[WhiteElo "2362"]
[BlackElo "2181"]

1.d4 d5 2.Bg5 Nf6 3.Nf3 Ne4 4.Bh4 g6 5.e3 Bg7 6.Be2 O-O 7.O-O c5 8.c3 Nc6
9.Nbd2 cxd4 10.Nxe4 dxe4 11.Nxd4 Nxd4 12.cxd4 Be6 13.Qc2 f5 14.f3 Rc8 15.Qa4 Qb6
16.Qa3 exf3 17.Bxf3 Bc4 18.Bxe7 Bxf1 19.Rxf1 Rfe8 20.Bc5 Rxc5 21.dxc5 Qe6
22.Qb3 Qxb3 23.axb3 Bh6 24.b4 Bxe3+ 25.Kh1 Re7 26.g3 Kf7 27.Rd1 Ke8 28.Kg2 f4
29.Bd5 fxg3 30.hxg3 b6 31.c6 Kd8 32.Ra1 h5 33.Kf3 Bg5 34.Be4 Rg7 35.Ke2 Bf6
36.Rf1 Be5 37.Rf8+ Kc7 38.Kf3 g5 39.b5 h4 40.gxh4 gxh4 41.Bf5 h3 42.Bxh3 Rg3+
43.Ke4 Rxh3 44.Kxe5 Rh2 45.Rf7+ Kb8 46.Kd6 Rd2+ 47.Ke7 Rxb2 48.Kd8  1-0

[Event "Cannes op"]
[Site "Cannes"]
[Date "1999.??.??"]
[Round "5"]
[White "Lukasiewicz, Grzegorz"]
[Black "Szylar, Eric"]
[Result "1-0"]
[WhiteElo "2362"]
[BlackElo "2139"]

1.d4 Nf6 2.Bg5 c5 3.Bxf6 gxf6 4.d5 d6 5.c4 Bf5 6.Nc3 Nd7 7.e4 Bg6 8.h4 h5
9.Qc2 Bh6 10.g3 Ne5 11.f4 Ng4 12.Bh3 Rg8 13.Bxg4 hxg4 14.f5 Bh7 15.Nge2 Qd7
16.O-O O-O-O 17.Nf4 Rgf8 18.Rad1 Bxf4 19.Rxf4 e6 20.dxe6 fxe6 21.Nb5 a6 22.Rxd6 Qg7
23.Rxe6 axb5 24.cxb5 Bg8 25.Qxc5+ Qc7 26.Qxc7+ Kxc7 27.Re7+ Kb6 28.Rxg4 Bc4
29.Rgg7 Rd1+ 30.Kf2 Rfd8 31.Rxb7+ Ka5 32.Ra7+ Kb4 33.Ra3 R8d2+ 34.Ke3 Rxb2
35.Rga7 Re1+ 36.Kf4 Rbe2 37.Kg4 Rxe4+ 38.Kh5 Kxb5 39.R3a5+  1-0

[Event "Creon op"]
[Site "Creon"]
[Date "1999.??.??"]
[Round "?"]
[White "Marcelin, Cyril"]
[Black "Hartereau, Philippe"]
[Result "1-0"]
[WhiteElo "2383"]
[BlackElo "2189"]

1.d4 Nf6 2.Bg5 c5 3.d5 Qb6 4.Nc3 Qxb2 5.Bd2 Qb6 6.e4 e5 7.f4 d6 8.Nf3 Nbd7
9.Bb5 Qc7 10.O-O Be7 11.fxe5 dxe5 12.Nh4 a6 13.Nf5 Rg8 14.d6 Bxd6 15.Bg5 axb5
16.Nxb5 Qc6 17.Nfxd6+ Kf8 18.Qh5  1-0

[Event "CZE-chT2V 9899"]
[Site "CZE"]
[Date "1999.??.??"]
[Round "?"]
[White "Splichal, P."]
[Black "Outulny, Pavel"]
[Result "1-0"]
[WhiteElo "1895"]
[BlackElo "2215"]

1.d4 Nf6 2.Bg5 c5 3.Bxf6 gxf6 4.d5 Qb6 5.Qc1 d6 6.e3 Rg8 7.c4 Nd7 8.Nf3 f5
9.Nc3 Nf6 10.Qc2 Ne4 11.Nxe4 fxe4 12.Nd2 Bf5 13.g3 O-O-O 14.Bg2 Bg7 15.Rb1 h5
16.Bxe4 Bd7 17.a3 Qc7 18.b4 b6 19.b5 h4 20.a4 hxg3 21.hxg3 Rh8 22.Ke2 Rdf8
23.Rxh8 Rxh8 24.Rh1 Bg4+ 25.Ke1 Rxh1+ 26.Bxh1 Qd7 27.Qh7 Bc3 28.Qxf7 Qd8
29.Be4 Qh8 30.Bf5+ Bxf5 31.Qxf5+ Kd8 32.Ke2 Bb4 33.Ne4 Qb2+ 34.Kf3 Qc2 35.Qf8+ Kd7
36.Qf7 Qb2 37.Ng5  1-0

[Event "Moravia-chT 9899"]
[Site "CZE"]
[Date "1999.??.??"]
[Round "3"]
[White "Pastor, Karel"]
[Black "Vaclavik, Martin"]
[Result "1-0"]
[WhiteElo "2260"]
[BlackElo "2105"]

1.d4 d5 2.Bg5 Nf6 3.Bxf6 exf6 4.e3 f5 5.Bd3 Be6 6.Nd2 Nd7 7.Ne2 Bd6 8.Nf4 Nf6
9.O-O g5 10.Nh5 Rg8 11.c4 Nxh5 12.Qxh5 Qf6 13.cxd5 Bxd5 14.e4 fxe4 15.Bxe4 c6
16.Bxd5 cxd5 17.Rfe1+ Kf8 18.Nf3 Qg6 19.Qxg6 Rxg6 20.g3 Rc8 21.Rac1 Rc6 22.Rxc6 bxc6
23.Rc1 Bc7 24.b4 a6 25.a4 Bd6 26.Rxc6 Bxb4 27.Rc7 Bd6 28.Ra7 Be7 29.Ne5 Rd6
30.Kf1 h6 31.Ke2 Ke8 32.Kf3 Rf6+ 33.Kg4 Bd8 34.Ra8 Re6 35.f4 f6 36.f5 Rd6
37.Nd3 Rb6 38.Nc5 Rd6 39.Nxa6 Ke7 40.Nc5 Bb6 41.Ne6 Rd7 42.a5 Ra7 43.Rxa7+ Bxa7
44.Kh5 Kf7 45.Nd8+  1-0

[Event "CZE-chT 9899"]
[Site "CZE"]
[Date "1999.??.??"]
[Round "6"]
[White "Cech, Pavel"]
[Black "Klima, Lukas"]
[Result "1/2-1/2"]
[WhiteElo "2360"]
[BlackElo "2255"]

1.d4 Nf6 2.Bg5 d5 3.Nc3 g6 4.Qd2 Bg7 5.Bh6 Bxh6 6.Qxh6 c5 7.dxc5 Qa5 8.e3 Bf5
9.Bb5+ Bd7 10.Bxd7+ Nbxd7 11.Ne2 Qxc5 12.O-O O-O-O  1/2-1/2

[Event "CZE-chT 9899"]
[Site "CZE"]
[Date "1999.??.??"]
[Round "7"]
[White "Rogers, Ian"]
[Black "Dydyshko, Viacheslav"]
[Result "1/2-1/2"]
[WhiteElo "2570"]
[BlackElo "2485"]

1.d4 Nf6 2.Bg5 d5 3.Bxf6 exf6 4.e3 Be7 5.c4 dxc4 6.Bxc4 c5 7.dxc5 Qxd1+ 8.Kxd1 Be6
9.Nd2 Bxc5 10.Rc1 Nd7 11.Ngf3 Ke7 12.Ke2 Rac8 13.a3 Nb6 14.Bxe6 fxe6 15.Nc4 Nxc4
16.Rxc4 Bd6 17.Rhc1 Kd7 18.h3 Rxc4 19.Rxc4 Rc8 20.Rxc8 Kxc8 21.Kd3 Kd7 22.Kc4 a6
23.a4 Bb8 24.b4 Ba7 25.b5 axb5+ 26.Kxb5 Kc7 27.Ne1 Kd6 28.Nd3 f5 29.Nb2 f4
30.Nc4+ Kd5 31.Nb6+ Ke4 32.exf4 Kxf4 33.a5 h5 34.Kc5 Bb8 35.Kb5 Ba7 36.Kc5 Bb8
37.Kb5 Ba7  1/2-1/2

[Event "CZE-chT 9899"]
[Site "CZE"]
[Date "1999.??.??"]
[Round "10"]
[White "Jirovsky, Pavel"]
[Black "Zabystrzan, Pavel"]
[Result "1/2-1/2"]
[WhiteElo "2395"]
[BlackElo "2280"]

1.d4 Nf6 2.Bg5 c5 3.dxc5 e6 4.e3 Bxc5 5.Nd2 O-O 6.Ngf3 d5 7.Be2 Be7 8.O-O Nc6
9.c4 Bd7 10.Rc1 Qb6 11.Qb3 Qxb3 12.Nxb3 dxc4 13.Bxc4 Rfc8 14.a3 Be8 15.h3 h6
16.Bh4 g5 17.Bg3 Ne4 18.Bh2 Bf6 19.Bd3 Nd6 20.Bxd6 Rd8 21.Bg3 Rxd3 22.Nc5 Rd5
23.e4 Rxc5 24.Rxc5 Bxb2 25.Rb5 Bxa3 26.Rxb7 f6 27.Ra1 Bf8 28.Bc7 a5 29.e5 f5
30.Nd2 a4 31.Nc4 Nd4 32.Bd6 Bc6 33.Rb2 Bd5 34.Bxf8 Kxf8 35.Nb6 a3 36.Nxd5 exd5
37.Raa2 Ke7 38.Rb4 Nc2 39.Rb6 d4 40.Rxc2 a2 41.Rxa2 Rxa2 42.Rxh6 Ra1+ 43.Kh2 Re1
44.Rd6 Rxe5 45.Rxd4 Ra5 46.Rb4 Ra6 47.f4 Kf6 48.fxg5+ Kxg5 49.Rb5 Ra2 50.Rb8 Ra3
51.Rg8+ Kf6 52.h4 Kf7 53.Rb8 Kg6 54.g3 Ra2+ 55.Kh3 Ra1 56.Rb6+ Kg7 57.Rc6 Rb1
58.Kg2 Rb3 59.Kf2 Ra3 60.Re6 Rb3 61.Re3 Rb1 62.Ra3 Kg6 63.Ra6+ Kg7 64.Ke3 Rf1
65.h5 Rh1 66.Kf4 Rxh5 67.Ra5 Kg6  1/2-1/2

[Event "EU-ch Union SCIPT"]
[Site "DEN"]
[Date "1999.??.??"]
[Round "4"]
[White "Eriksson, Jorgen"]
[Black "Jakobsen, Brandur"]
[Result "1-0"]
[WhiteElo "2220"]
[BlackElo "2270"]

1.d4 Nf6 2.Bg5 c5 3.Bxf6 gxf6 4.d5 Qb6 5.Qc1 Bg7 6.e3 f5 7.c3 e5 8.Na3 O-O
9.Nc4 Qh6 10.a4 d6 11.Bd3 Na6 12.Qc2 Qg6 13.f3 Nc7 14.e4 fxe4 15.fxe4 f5
16.Nf3 f4 17.O-O b6 18.b4 Kh8 19.bxc5 bxc5 20.Rab1 Rg8 21.Na5 Bf8 22.Rf2 Ne8
23.Bb5 Bg4 24.Bxe8 Rxe8 25.Nc6 Rg7 26.a5 Be7 27.Rb7 Bf6 28.Rxa7 Reg8 29.Rxg7 Qxg7
30.a6 Bd8 31.c4 Bc8 32.a7 Bb7 33.Qa4 Bf6 34.Rb2 h5 35.Qb5 Bxc6 36.dxc6 Qxa7
37.Qb7 Qa4 38.c7 Qd1+ 39.Kf2 Bh4+ 40.Nxh4 Qd4+ 41.Kf1 Qd1+ 42.Kf2 Qd4+ 43.Ke1 Qg1+
44.Kd2 Qf2+ 45.Kc3 Qe3+ 46.Kc2 Qe2+ 47.Kb3 Qd1+ 48.Kc3 Qe1+ 49.Rd2 Qa1+ 50.Kd3 Qf1+
51.Kc2 Qxc4+ 52.Kb2 Qe6 53.Ng6+  1-0

[Event "EU-ch Union SCIPT"]
[Site "DEN"]
[Date "1999.??.??"]
[Round "7"]
[White "Eriksson, Jorgen"]
[Black "Stypka, Mieczyslaw"]
[Result "1-0"]
[WhiteElo "2220"]
[BlackElo "2245"]

1.d4 Nf6 2.Bg5 d5 3.e3 c6 4.c3 Bf5 5.Bxf6 exf6 6.Ne2 Qb6 7.b3 Qa5 8.b4 Qc7
9.Ng3 Bg6 10.Nd2 Bd6 11.Be2 O-O 12.O-O Re8 13.Re1 Nd7 14.Ndf1 f5 15.f4 Nf6
16.Bd3 Qd7 17.Qc2 Ne4 18.Nxe4 fxe4 19.Be2 Bf5 20.a3 Bg4 21.c4 Bxe2 22.Qxe2 dxc4
23.Qxc4 Bf8 24.Nd2 a5 25.Nb3 axb4 26.axb4 g6 27.h3 Kg7 28.Red1 Rxa1 29.Rxa1 Rd8
30.Nc5 Bxc5 31.bxc5 Qe7 32.Ra7 Rd7 33.Qb3 h5 34.Qb2 f6 35.Ra8 Qf7 36.Rb8 Qe7
37.Qb1 Rc7 38.Qb6 Rd7 39.Kh2 Qf7 40.Qb2 Qe7 41.g4 Kh7 42.Qb3 Qf7 43.Qxf7+ Rxf7
44.gxh5 gxh5 45.f5 h4 46.Re8 Kh6 47.Rxe4 Kg5 48.Rg4+ Kxf5 49.Rxh4 Re7 50.Rf4+ Kg6
51.Rf3 b6 52.cxb6 Rb7 53.Kg3 Rxb6 54.Rf1 Rb3 55.Kf4 c5 56.Rg1+ Kf7 57.d5 Rd3
58.e4 Rxh3 59.Rc1 Rh4+ 60.Kf5 Rh2 61.Rxc5 Rf2+ 62.Kg4 f5+ 63.exf5 Kf6 64.Rc6+ Ke5
65.Re6+ Kxd5 66.Re1 Rg2+ 67.Kh5 Kd6 68.f6 Kd7 69.Kh6 Rg3 70.f7 Rf3 71.Kg7 Rg3+
72.Kf8 Rg2 73.Re3 Rg1 74.Re4  1-0

[Event "Dresden op"]
[Site "Dresden"]
[Date "1999.??.??"]
[Round "?"]
[White "Gerstner, Wolfgang"]
[Black "Jaenig, Reinhard"]
[Result "1-0"]
[WhiteElo "2400"]
[BlackElo "2130"]

1.d4 Nf6 2.Bg5 c5 3.Bxf6 gxf6 4.d5 Qb6 5.Qc1 Bg7 6.c4 f5 7.Nc3 d6 8.e3 Nd7
9.Qc2 Ne5 10.Be2 Bd7 11.Nh3 O-O-O 12.O-O Rhg8 13.Rab1 Ng4 14.Nf4 Bh6 15.Nd3 e5
16.Qd2 e4 17.Nf4 Ne5 18.Kh1 Rg7 19.a3 Rdg8 20.g3 Qd8 21.b4 Rg4 22.bxc5 dxc5
23.Qb2 b6 24.Nb5 Nf3 25.Bxf3 exf3 26.Nxa7+ Kb7 27.Nc6 Qc7 28.Ne5 Bg7 29.Qxb6+ Qxb6
30.Nxd7 Qxb1 31.Rxb1+ Ka7 32.h3 Rg5 33.Nd3 Bf8 34.N3e5 Bd6 35.Nxf3 R5g7 36.Rb5 Rc8
37.Nfe5 f6 38.Nc6+ Ka6 39.Rb6+  1-0

[Event "COL-ch sf"]
[Site "Duitama"]
[Date "1999.??.??"]
[Round "?"]
[White "Castro Rojas, Oscar Humberto"]
[Black "Gamboa, Nelson"]
[Result "0-1"]
[WhiteElo "2359"]
[BlackElo "2411"]

1.d4 d5 2.Bg5 Nf6 3.Bxf6 exf6 4.e3 c6 5.c4 dxc4 6.Bxc4 Bd6 7.Nf3 O-O 8.O-O f5
9.Qc2 Nd7 10.Nc3 Nf6 11.Rfd1 Qe7 12.d5 c5 13.Nb5 Bd7 14.Nxd6 Qxd6 15.a4 Rac8
16.g3 Rfd8 17.Ne1 a6 18.a5 Ne4 19.Ng2 Qh6 20.h4 Bb5 21.Nf4 Qf6 22.b3 h6 23.Kg2 Qe5
24.Rac1 Rd6 25.h5 Rdd8 26.Qd3 Nd6 27.Qc3 Qe7 28.Rc2 Re8 29.Qd3 Qc7 30.Qd2 Qe7
31.Rdc1 Kh7 32.Qd3 Bd7 33.Qe2 Qd8 34.Qe1 b5 35.axb6 Qxb6 36.Ra2 Bb5 37.Qa5 Qb7
38.Bxb5 axb5 39.Qa7 Qxa7 40.Rxa7 c4 41.b4 Red8 42.f3 Ra8 43.Rca1 Rxa7 44.Rxa7 c3
45.Ra2 Nc4 46.Kf2 Nb2 47.Ke2 Re8 48.Ra1 Nc4 49.Ng2 Re5 50.Rd1 f4 51.d6 c2
52.Rc1 fxg3 53.Rxc2 Rxh5 54.f4 Rd5 55.Kf3 Rxd6 56.Kxg3 Rd3 57.Kf3 Rb3 58.Ra2 g6
59.Ra7 Kg7 60.Re7 Rxb4 61.Ne1 Rb1 62.Nc2 Rb3  0-1

[Event "Espe Cup"]
[Site "ECU"]
[Date "1999.??.??"]
[Round "?"]
[White "Mera Cedeno, Angel"]
[Black "Galarza, Polo"]
[Result "1-0"]
[WhiteElo "2360"]
[BlackElo "2265"]

1.d4 Nf6 2.Bg5 g6 3.Bxf6 exf6 4.e3 Bg7 5.h4 d5 6.Bd3 Nc6 7.a3 f5 8.Ne2 O-O
9.Nbc3 Re8 10.Kf1 b6 11.Nf4 Ne7 12.Qf3 Bb7 13.Rd1 c6 14.Nce2 Nc8 15.h5 Nd6
16.hxg6 hxg6 17.g4 fxg4 18.Qxg4 Bc8 19.Qg2 Bf5 20.Ng3 Bxd3+ 21.cxd3 Qg5 22.Rc1 Nf5
23.Nxf5 Qxf5 24.Rxc6 Rad8 25.Qh3 Qxh3+ 26.Rxh3 Rc8 27.Rxc8 Rxc8 28.Nxd5 Rc2
29.b4 Ra2 30.Rh1 Rxa3 31.Ke2 Ra2+ 32.Kf3 a5 33.Rb1 Bf8 34.b5 a4 35.Nxb6 a3
36.Nd7 Rb2 37.Ra1 Bd6 38.b6 a2 39.Ke4 Bb4 40.b7 Ba5  1-0

[Event "Espe Cup"]
[Site "ECU"]
[Date "1999.??.??"]
[Round "?"]
[White "Alarcon, Cesar"]
[Black "Belli, Mario"]
[Result "0-1"]
[WhiteElo "2180"]
[BlackElo "2390"]

1.d4 Nf6 2.Bg5 d5 3.e3 Nbd7 4.Nf3 h6 5.Bh4 c5 6.c3 Qb6 7.Qb3 e6 8.Nbd2 Bd6
9.Be2 O-O 10.O-O Qc7 11.c4 b6 12.Rac1 Bb7 13.Bg3 Bxg3 14.hxg3 Rac8 15.Qa3 Qb8
16.b4 cxb4 17.Qxb4 Ba6 18.a4 Rc7 19.Rc2 Rfc8 20.Rfc1 dxc4 21.Bxc4 b5 22.axb5 Bxb5
23.Bd3 Rxc2 24.Bxc2 a6 25.Qa3 g6 26.Bb3 Rxc1+ 27.Qxc1 Qd6 28.e4 Qb4 29.e5 Ng4
30.Bc4 Kg7 31.Nh2 Nxh2 32.Kxh2 Nb6 33.Bxb5 axb5 34.Nf3 Nd5 35.g4 Qb3 36.Qc5 Qd3
37.Ng1 b4 38.g3 b3 39.Qc1 Qxd4 40.f4 Qf2+ 41.Kh3 Ne3  0-1

[Event "Cataluna Club op"]
[Site "ESP"]
[Date "1999.??.??"]
[Round "?"]
[White "Serrano Pertinez, Miguel"]
[Black "Serrano Aspa, Pedro"]
[Result "1-0"]
[WhiteElo "2210"]
[BlackElo "2035"]

1.d4 d5 2.Bg5 Nf6 3.Bxf6 exf6 4.e3 Bf5 5.Bd3 Bxd3 6.Qxd3 c6 7.Ne2 Bd6 8.Nd2 Nd7
9.c4 dxc4 10.Nxc4 Bb4+ 11.Nc3 O-O 12.a3 Bxc3+ 13.bxc3 Ne5 14.Qe2 Nxc4 15.Qxc4 Re8
16.O-O f5 17.Rab1 Re7 18.Rb3 Rc8 19.Rfb1 Rcc7 20.Qc5 a6 21.Qxf5 g6 22.Qg5 Qd7
23.h4 Kg7 24.h5 Qf5 25.h6+ Kf8 26.Qxf5 gxf5 27.Rb6 Ke8 28.Kh2 Kd8 29.Kg3 Kc8
30.Kf4 Re4+ 31.Kxf5 Rh4 32.Kg5 Rh2 33.Rg1 Rd7 34.e4 Rd6 35.Kf4 Rhxh6 36.e5 Rd5
37.Rgb1 Rb5 38.c4 Rh4+ 39.g4 Rxb6 40.Rxb6 h5 41.f3 hxg4 42.fxg4 Rh3 43.d5 Kc7
44.Rb2 cxd5 45.cxd5 Rxa3 46.d6+ Kc6 47.Rc2+ Kd7 48.Rc7+ Ke8 49.Re7+ Kf8 50.Rxb7 Ke8
51.g5  1-0

[Event "Cataluna Club op"]
[Site "ESP"]
[Date "1999.??.??"]
[Round "?"]
[White "Asensio Linan, Teodoro"]
[Black "Castaner Halster, Xavier"]
[Result "0-1"]
[WhiteElo "2245"]
[BlackElo "2280"]

1.d4 Nf6 2.Bg5 c5 3.d5 Qb6 4.Bc1 e6 5.dxe6 fxe6 6.Nc3 d5 7.e4 d4 8.Nb5 Nc6
9.Qe2 a6 10.Na3 Qb4+ 11.Kd1 b5 12.e5 Nd5 13.h4 c4 14.Rh3 Qa5 15.Nb1 d3 16.cxd3 Nd4
17.Qe4 Qa4+ 18.Ke1 Nc2+ 19.Ke2 Nxa1 20.dxc4 Bb7 21.Bg5 Qxa2 22.Rd3 Qxb1 23.Qg4 Qxb2+
24.Bd2 Qxe5+ 25.Kd1 Nf6 26.Qh3 Ne4 27.Qe3 Bc5 28.Nf3 Bxe3 29.Nxe5  0-1

[Event "Cataluna-chT"]
[Site "ESP"]
[Date "1999.??.??"]
[Round "1"]
[White "Pomes Marcet, Juan"]
[Black "Hernando Rodrigo, Julio Ant"]
[Result "1-0"]
[WhiteElo "2440"]
[BlackElo "2340"]

1.d4 Nf6 2.Bg5 d5 3.e3 c5 4.Bxf6 gxf6 5.Nc3 e6 6.Qh5 Nc6 7.O-O-O Qa5 8.Nf3 c4
9.e4 Bb4 10.exd5 Bxc3 11.bxc3 Ne7 12.Bxc4 exd5 13.Bb3 Be6 14.Kb2 Qb6 15.Rhe1 O-O-O
16.Qh6 Ng6 17.h4 a5 18.a4 Qc7 19.g3 Bg4 20.Rd3 Qd6 21.Rde3 Rdg8 22.h5 Nf8
23.Ne5 Be6 24.Qxf6 Nd7 25.Nxf7  1-0

[Event "Tres Peons op"]
[Site "ESP"]
[Date "1999.??.??"]
[Round "1"]
[White "Serrano Pertinez, Miguel"]
[Black "Clifford, N."]
[Result "1-0"]
[WhiteElo "2210"]
[BlackElo "1975"]

1.d4 d5 2.Bg5 Nf6 3.Bxf6 exf6 4.e3 Bd6 5.c4 dxc4 6.Bxc4 O-O 7.Ne2 f5 8.Nbc3 a6
9.a4 Nc6 10.O-O Re8 11.Rc1 Qh4 12.g3 Qg4 13.Bd5 Nb4 14.Bg2 g5 15.a5 Rb8 16.Na4 Bd7
17.Nc5 Bb5 18.f3 Qh5 19.Qd2 Nd5 20.e4 fxe4 21.Nxe4 Bxe2 22.Qxe2 Kh8 23.Qd2 Bb4
24.Qxg5 Qxg5 25.Nxg5 f6 26.Ne4 Bxa5 27.Rc5 Ne3 28.Rxa5 Nxf1 29.Kxf1 Rbd8
30.Ra4 f5 31.Nc3 b5 32.Rb4 c6 33.Ne2 a5 34.Rb3 c5 35.f4 cxd4 36.Rd3 Re7 37.Rxd4 Rde8
38.Bf3 Re3 39.Kf2 Rb3 40.Rd2 Ree3 41.Bc6 b4 42.Nc1 Rec3 43.Nxb3 Rxb3 44.Ba4  1-0

[Event "Cataluna-chT"]
[Site "ESP"]
[Date "1999.??.??"]
[Round "4"]
[White "Mundet Riera, J."]
[Black "Delis Ramos, FM."]
[Result "1/2-1/2"]
[WhiteElo "2240"]
[BlackElo "2170"]

1.d4 Nf6 2.Bg5 d5 3.Bxf6 exf6 4.e3 Bf5 5.Bd3 Bxd3 6.Qxd3 Qd6 7.Nc3 Nc6 8.a3 a6
9.Nge2 g6 10.e4 Ne7 11.Nxd5 Nxd5 12.exd5 Qxd5 13.O-O O-O-O 14.c4 Qd7 15.b4 f5
16.Rab1 Bg7 17.Rfd1 Rhe8 18.b5 axb5 19.Rxb5 Qe7 20.Kf1 Bxd4 21.Ra5 Kb8 22.Qf3 Bb6
23.Rad5 Rxd5 24.Rxd5 Rd8 25.g3 c6 26.Rxd8+ Qxd8 27.Kg2 Qd6 28.h4 Bc5 29.a4 Qe6
30.Qd3 Kc7 31.Nc3 Qe1 32.Qf3 Bxf2  1/2-1/2

[Event "Tres Peons op"]
[Site "ESP"]
[Date "1999.??.??"]
[Round "5"]
[White "Gonzalez Garcia, Marc"]
[Black "Masque Vergara, R."]
[Result "1-0"]
[WhiteElo "2075"]
[BlackElo "1990"]

1.d4 Nf6 2.Bg5 g6 3.Bxf6 exf6 4.e3 d5 5.g3 Bg7 6.Bg2 O-O 7.Ne2 c6 8.Nd2 Bg4
9.O-O Qd7 10.Re1 Na6 11.c4 Nb4 12.Qb3 a5 13.a3 dxc4 14.Nxc4 Nd5 15.e4 a4
16.Qc2 b5 17.exd5 bxc4 18.dxc6 Qd6 19.Qxc4 Be6 20.d5 Bc8 21.Qb4 Rd8 22.Nc3 Ba6
23.Qxd6 Rxd6 24.Nxa4 Rc8 25.Nc5 Bc4 26.Nb7 Rxd5 27.Bxd5 Bxd5 28.Rac1 f5 29.Rc5 Be4
30.Rxe4 fxe4 31.Nd6 Rc7 32.Ne8 Rc8 33.Nxg7 Kxg7 34.c7 f5 35.b4  1-0

[Event "FIN-chT9899"]
[Site "FIN"]
[Date "1999.??.??"]
[Round "9"]
[White "Puranen, Jukka"]
[Black "Hentunen, Asko"]
[Result "0-1"]
[WhiteElo "2299"]
[BlackElo "2323"]

1.d4 Nf6 2.Bg5 c5 3.Nc3 Qb6 4.dxc5 Qxb2 5.Bxf6 gxf6 6.Nd5 e6 7.Rb1 Qe5 8.Ne3 Qc3+
9.Qd2 Qxd2+ 10.Kxd2 Bxc5 11.g3 Nc6 12.Bg2 b6 13.h4 Ba6 14.Nh3 Rc8 15.Be4 Ne5
16.Bd3 Bxe3+ 17.Kxe3 Nc4+ 18.Kf4 e5+  0-1

[Event "FRA-chT 9899"]
[Site "FRA"]
[Date "1999.??.??"]
[Round "5"]
[White "Marcelin, Cyril"]
[Black "Kosten, Anthony C"]
[Result "0-1"]
[WhiteElo "2383"]
[BlackElo "2502"]

1.d4 Nf6 2.Bg5 g6 3.Bxf6 exf6 4.g3 d5 5.Bg2 f5 6.e3 c6 7.Ne2 Nd7 8.O-O Nf6
9.Nd2 h5 10.c4 h4 11.Qb3 hxg3 12.hxg3 Ne4 13.Rfd1 Nxd2 14.Rxd2 dxc4 15.Qxc4 Bd6
16.Bxc6+ Kf8 17.Bf3 g5 18.d5 Qf6 19.Nc3 Bd7 20.Bg2 Re8 21.Nb5 Bxb5 22.Qxb5 f4
23.exf4 gxf4 24.Qd3 fxg3 25.Qf3 Qxf3 26.Bxf3 Bc5 27.d6 gxf2+ 28.Kf1 Re1+  0-1

[Event "FRA-chT 9899"]
[Site "FRA"]
[Date "1999.??.??"]
[Round "7"]
[White "Neuillet, Alexandre"]
[Black "Bellon Lopez, Juan Manuel"]
[Result "0-1"]
[WhiteElo "2210"]
[BlackElo "2447"]

1.d4 Nf6 2.Bg5 c5 3.d5 Qb6 4.Nc3 Qxb2 5.Bd2 Qb6 6.e4 e5 7.Rb1 Qd8 8.f4 d6
9.Nf3 exf4 10.Bxf4 a6 11.a4 Nh5 12.Be3 g6 13.Qd2 Bg7 14.Nd1 O-O 15.Bd3 b6
16.O-O Bd7 17.Bg5 Qc7 18.Ne3 h6 19.Bh4 Bxa4 20.g4 Nf4 21.Bg3 Nxd3 22.cxd3 Bb5
23.h4 Nd7 24.h5 Ne5 25.Nh4 Qe7 26.hxg6 fxg6 27.Bxe5 Qxe5 28.Qg2 Qg5  0-1

[Event "FRA-chT 9899"]
[Site "FRA"]
[Date "1999.??.??"]
[Round "8"]
[White "Neuillet, Alexandre"]
[Black "Rotstein, Arkadij"]
[Result "1/2-1/2"]
[WhiteElo "2210"]
[BlackElo "2493"]

1.d4 Nf6 2.Bg5 g6 3.Bxf6 exf6 4.e3 d5 5.Bd3 c6 6.c3 Bd6 7.Ne2 Nd7 8.h4 h5
9.Nd2 f5 10.Qc2 Nf6 11.f3 Qe7 12.Kf2 O-O 13.Nf4 Re8 14.Rae1 Qc7 15.g3 Bd7
16.a3 c5 17.b4 cxd4 18.cxd4 Qxc2 19.Bxc2 a5 20.bxa5 Rxa5 21.Nb1 Bb5 22.a4 Bxa4
23.Bxa4 Rxa4 24.Nc3 Ra5 25.Ra1 Rxa1 26.Rxa1 Rc8 27.Nfe2 Bb4 28.Nb5 Rc6 29.Ra4 Bf8
30.Nec3 Kg7 31.Ke2 Ra6 32.Kf2 Rxa4 33.Nxa4 Bb4 34.Nb6 Ba5 35.Na4 Kf8 36.Nc5 b6
37.Nd3 Ke7 38.Ne5 Ne8 39.Nc6+ Kd7 40.Ne5+ Ke6 41.Ke2 Bb4 42.Kf2 Bd6 43.Nd3 Nc7
44.Nxd6 Kxd6 45.Nb4 Ne6 46.Ke2 Nd8 47.Kd2 Nc6 48.Nd3 Na5 49.Nb4 Nc4+ 50.Kd3 b5
51.Na6 Na5 52.Kc3 Nc6 53.f4 Ne7 54.Nc5 Ng8 55.Kb4 Nf6 56.Kxb5 Ng4 57.Nd3 Nxe3
58.Nc1 f6 59.Ne2 Ke6 60.Kc5 Nf1 61.Kc6 Ne3 62.Kc5 Nf1 63.Kc6 Nd2 64.Nc3 Nb3
65.Ne2 Na5+ 66.Kb6 Nc4+ 67.Kc6 Na3 68.Kc5 Nc2 69.Nc3 Ne3 70.Ne2 Kf7 71.Nc3 Ke6
72.Ne2 Ng2 73.Kc6 g5 74.fxg5 fxg5 75.hxg5 f4 76.gxf4 h4 77.g6 Ne3 78.f5+ Nxf5
79.Nf4+ Kf6 80.Kxd5 Nxd4  1/2-1/2

[Event "BCF-chTB 98/99"]
[Site "GBR"]
[Date "1999.??.??"]
[Round "11"]
[White "Kinsman, Andrew PH"]
[Black "Kwiatkowski, Feliks J"]
[Result "1/2-1/2"]
[WhiteElo "2369"]
[BlackElo "2220"]

1.d4 Nf6 2.Bg5 c5 3.d5 Qb6 4.Nc3 Qxb2 5.Bd2 Qb6 6.e4 d6 7.f4 e6 8.Rb1 Qc7
9.Nf3 Be7 10.Bb5+ Bd7 11.O-O O-O 12.Qe2 a6 13.Bxd7 Qxd7 14.dxe6 fxe6 15.e5 Nd5
16.Nxd5 exd5 17.e6 Qc7 18.Qd3 d4 19.c3  1/2-1/2

[Event "Oberliga Nord O9899"]
[Site "GER"]
[Date "1999.??.??"]
[Round "?"]
[White "Trenner, Rolf"]
[Black "Seils, Joerg"]
[Result "1-0"]
[WhiteElo "2275"]
[BlackElo "2370"]

1.d4 Nf6 2.Bg5 d5 3.Bxf6 exf6 4.Nd2 c6 5.e3 Bd6 6.c4 dxc4 7.Bxc4 O-O 8.Ngf3 f5
9.Qc2 g6 10.h4 h5 11.O-O-O b5 12.Bd3 Na6 13.a3 c5 14.Bxb5 Qb6 15.Nc4 Qxb5
16.Nxd6 Qc6 17.dxc5 Nxc5 18.b4 Qa6 19.bxc5 Qxa3+ 20.Kd2 Qa5+ 21.Ke2 Ba6+
22.Nc4 Qxc5 23.Rd4 Rfc8 24.Nd2 Re8 25.Qc3 Qc7 26.Ra1 Bb7 27.Qa5 Qxa5 28.Rxa5 Bxg2
29.f3 f4 30.Rxf4 Bh3 31.Nd6 Re7 32.Re4 Be6 33.Rea4 Rd7 34.Nb5 Rad8 35.Nd4 Bd5
36.Rxa7 Kg7 37.Rxd7 Rxd7 38.e4 Bb7 39.Ke3 Re7 40.Rc4 Rd7 41.N2b3 Re7 42.Kf4 Ba6
43.Rc6 Bb7 44.Rb6 Bc8 45.Nc5 Ra7 46.Rb8 Rc7 47.Rb5 Ra7 48.Rb6 Re7 49.Rc6 Bh3
50.Nb5 Re8 51.Rc7 Rd8 52.Kg3 Bc8 53.Na7  1-0

[Event "Oberliga Nord N9899"]
[Site "GER"]
[Date "1999.??.??"]
[Round "?"]
[White "Sell, Achim"]
[Black "Berger, Steve"]
[Result "0-1"]
[WhiteElo "2280"]
[BlackElo "2140"]

1.d4 Nf6 2.Bg5 c5 3.Nc3 cxd4 4.Qxd4 Nc6 5.Qh4 e6 6.e4 Be7 7.O-O-O Qa5 8.f4 d6
9.Nf3 Bd7 10.Nd2 Rc8 11.Nc4 Qc5 12.Na4 Qb4 13.b3 Na5 14.Nab2 Nxc4 15.Bxc4 b5
16.Bd3 h6 17.e5 dxe5 18.fxe5 Qxh4 19.Bxh4 Ng4 20.Bxe7 Kxe7 21.Rhe1 Rc5 22.Be2 Ne3
23.Rd2 Rhc8 24.Bd3 Nd5 25.Nd1 Nc3 26.Nxc3 Rxc3 27.Kb2 R3c5 28.a3 a5 29.Re3 Rd5
30.Rde2 Bc6 31.Rg3 Kf8 32.Rge3 Bb7 33.c4 bxc4 34.Bxc4 Rd1 35.Rd3 Rxd3 36.Bxd3 Bd5
37.g3 Rb8 38.Bc2 Bxb3 39.Bxb3 a4 40.Re3 Rb5 41.Ka2 axb3+ 42.Kb2 Ke7 43.Re4 f6
44.a4 Rb8 45.a5 fxe5 46.a6 Kd6 47.a7 Ra8 48.Ra4 Kc6 49.Ra6+ Kb5 50.Rxe6 Rxa7
51.Rxe5+ Kc4 52.Re4+ Kd3 53.Re6 Rb7 54.Re5 Rb6 55.Re7 g6 56.Re8 h5 57.Re7 Rb5
58.Re8 g5 59.Rh8 g4 60.Re8 Kd4 61.Re1 Rf5 62.Kxb3 Rf2 63.Rh1 Ke4 64.h3 Kf3
65.hxg4 hxg4 66.Kc3 Kxg3 67.Kd3 Kg2 68.Rh4 g3 69.Ke3 Rf1 70.Rg4 Kh2 71.Rh4+ Kg1
72.Rg4 g2  0-1

[Event "Oberliga Ost B9899"]
[Site "GER"]
[Date "1999.??.??"]
[Round "?"]
[White "Bouaraba, Max"]
[Black "Haensel, Thomas"]
[Result "0-1"]
[WhiteElo "2200"]
[BlackElo "2190"]

1.d4 Nf6 2.Bg5 c5 3.dxc5 e6 4.Nc3 Bxc5 5.Qd2 b5 6.O-O-O Qa5 7.Bxf6 gxf6 8.Qf4 Be7
9.e4 a6 10.Nf3 Nc6 11.Kb1 b4 12.Nd5 exd5 13.exd5 b3 14.axb3 Nb4 15.d6 Bb7
16.dxe7 Rc8 17.Bc4 Qa2+ 18.Kc1 Qa1+ 19.Kd2 Qxb2 20.Nd4 d5 21.Rb1 Qa3 22.Ra1 Na2
23.Qxf6 Qa5+ 24.Ke3 dxc4 25.Qxh8+ Kxe7 26.Qg7 Re8 27.Rhd1 Kd8+ 28.Ne6+ Kc8
29.Rd8+ Qxd8 30.Qxf7 Qb6+ 31.Kf4 Qxf2+  0-1

[Event "Hessenliga 9899"]
[Site "GER"]
[Date "1999.??.??"]
[Round "?"]
[White "Weil, Volker"]
[Black "Mueller, Maximilian"]
[Result "0-1"]
[WhiteElo "2260"]
[BlackElo "2165"]

1.d4 Nf6 2.Bg5 g6 3.Bxf6 exf6 4.e3 Bg7 5.Ne2 d5 6.Nf4 c6 7.c4 dxc4 8.Bxc4 O-O
9.Nc3 Bh6 10.Nfe2 Nd7 11.h4 Nb6 12.Bb3 f5 13.a4 Re8 14.a5 Nd7 15.g3 Nf6 16.Qd3 Be6
17.Bxe6 Rxe6 18.Qc4 Ng4 19.Nd1 Qe7 20.Ra3 Rd6 21.Qd3 Rad8 22.h5 Bg7 23.hxg6 hxg6
24.Ndc3 c5 25.d5 Nf6 26.Nf4 Ne4 27.Nfe2 Be5 28.Ra1 Qf6 29.Nxe4 fxe4 30.Qxe4 Rxd5
31.O-O Bxb2 32.Rab1 Rd2 33.Nf4 Qc6 34.Qc4 Kg7 35.e4 Bf6 36.Nd5 Rd4 37.Qc2 Be5
38.Rfc1 Bd6 39.Qb2  0-1

[Event "Oberliga Ost A9899"]
[Site "GER"]
[Date "1999.??.??"]
[Round "?"]
[White "Eichner, Sebastian"]
[Black "Schuster, Martin"]
[Result "1/2-1/2"]
[WhiteElo "2140"]
[BlackElo "2140"]

1.d4 d5 2.Bg5 Nf6 3.Bxf6 gxf6 4.Nf3 c6 5.Nbd2 Bf5 6.c4 Qb6 7.e3 e6 8.Qb3 Qxb3
9.Nxb3 Bb4+ 10.Nfd2 Nd7 11.a3 Bd6 12.Na5 Rb8 13.b4 Bc7 14.Ndb3 Ke7 15.Kd2 Rhc8
16.Bd3 Bxd3 17.Kxd3 Bxa5 18.Nxa5 b6 19.Nb3 c5 20.Nd2 dxc4+ 21.Nxc4 b5 22.Nd2 c4+
23.Kc2 Nb6 24.Ne4 Nd5 25.Nc5 f5 26.Rhb1 Ra8 27.a4 a6 28.Kd2 Rcb8 29.g3 Kd6
30.f3 Kc6 31.e4 Ne7 32.Kc3 Rd8 33.Rf1 h5 34.g4 hxg4 35.fxg4 fxe4 36.Rxf7 Nd5+
37.Kd2 Nxb4 38.Nxe6 Rh8 39.axb5+ Kd6 40.Nc7 Rxh2+ 41.Kc3 a5 42.d5 Kc5 43.Ne6+ Kd6  1/2-1/2